[Event "Politiken Cup"]
[Site "Copenhagen DEN"]
[Date "2005.07.24"]
[Round "10"]
[White "Vul,A"]
[Black "Bjornsson,Si"]
[Result "0-1"]
[WhiteElo "2425"]
[BlackElo "2346"]

1.Nf3 Nf6 2.c4 g6 3.g3 Bg7 4.Bg2 O-O 5.d4 d6 6.Nc3 Nbd7 7.O-O e5 8.e4 exd4
9.Nxd4 Nc5 10.h3 Re8 11.Re1 Bd7 12.Bf4 h6 13.g4 Ne6 14.Be3 Nc5 15.Qc2 a5
16.Rad1 Qc8 17.f4 a4 18.Ndb5 Bxb5 19.cxb5 Nfd7 20.Bf2 Ra5 21.Bf1 Ne6 22.Be3 g5
23.Nd5 gxf4 24.Bxf4 c6 25.Bxd6 cxd5 26.Qd2 Ra8 27.exd5 Ng5 28.Qf4 Ne5 29.Bg2 Nef3+
30.Kf1 Rxe1+ 31.Rxe1 Nxe1 32.Kxe1 Qc2 33.Kf1 Qd1+ 34.Kf2 Bd4+ 35.Kg3 Qe1+  0-1

[Event "Open A"]
[Site "Pardubice CZE"]
[Date "2005.07.24"]
[Round "3"]
[White "Kolesar,Mil"]
[Black "Candela Perez,J"]
[Result "1/2-1/2"]
[WhiteElo "2260"]
[BlackElo "2431"]

1.Nf3 Nf6 2.c4 g6 3.g3 Bg7 4.Bg2 O-O 5.d4 d6 6.O-O Nbd7 7.Qc2 e5 8.Rd1 Qe7
9.Nc3 c6 10.e4 Re8 11.b3 exd4 12.Nxd4 Nc5 13.f3 Nfd7 14.Bf4 Ne5 15.Rd2 g5
16.Bxe5 Bxe5 17.Rad1 Qf6 18.Nce2 Kh8 19.Kh1 Rg8 20.Nf5 Bxf5 21.exf5 Qh6 22.Kg1 a5
23.Nc3 Qf6 24.Ne4 Qxf5 25.Nxd6 Qxc2 26.Rxc2 Bxd6 27.Rxd6 Kg7 28.Bh3 Rge8
29.Kf2 Ra6 30.Bf5 Rb6 31.Rb2 Rb4 32.Bc2 Na4 33.a3 Rb6 34.Rb1 Nc5 35.b4 axb4
36.axb4 Na6 37.b5 Nc5 38.bxc6 Rxc6 39.Rxc6 bxc6 40.Rb6 Re6 41.Bf5 Rd6 42.Ke3 Na4
43.Rb7 Nc5 44.Rc7 Na6 45.Rc8 Nc5 46.h3 h6 47.Be4 Nxe4 48.fxe4 Kf6 49.c5 Re6
50.Rc7 h5 51.Kd4 g4 52.hxg4 hxg4 53.Rd7 Kg7 54.e5 Kg6 55.Rd8 Kg7 56.Rd7 Re8
57.Rd6 Re6 58.Rd7 Re8 59.Rd6 Re6  1/2-1/2

[Event "Open A"]
[Site "Pardubice CZE"]
[Date "2005.07.25"]
[Round "4"]
[White "Faibisovich,V"]
[Black "Saric,Iv"]
[Result "0-1"]
[WhiteElo "2440"]
[BlackElo "2284"]

1.Nf3 Nf6 2.g3 g6 3.Bg2 Bg7 4.c4 O-O 5.O-O d6 6.d4 Nbd7 7.Nc3 e5 8.e4 c6
9.h3 Qb6 10.b3 Re8 11.Be3 Qa5 12.Qc2 b5 13.cxb5 cxb5 14.a4 Bb7 15.dxe5 Rac8
16.exf6 Rxc3 17.Qd2 Nxf6 18.axb5 Qb4 19.Nd4 Nxe4 20.Qd1 Nxg3 21.Bxb7 Nxf1
22.Kxf1 Bxd4 23.Qxd4 Qxb5+ 24.Kg1 Rcxe3 25.fxe3 Qxb7 26.Kf2 Qxb3 27.Rxa7 Qc2+
28.Kg3 Qe2 29.Ra3 h5 30.Qxd6 h4+ 31.Kxh4 Qf2+ 32.Kg5 Qg2+  0-1

[Event "MTO Open"]
[Site "Biel SUI"]
[Date "2005.07.26"]
[Round "8"]
[White "Zuelle,B"]
[Black "Allemann,A"]
[Result "1/2-1/2"]
[WhiteElo "2104"]
[BlackElo "2260"]

1.Nf3 Nf6 2.c4 g6 3.g3 Bg7 4.Bg2 O-O 5.O-O d6 6.Nc3 e5 7.d3 Nc6 8.Rb1 a5
9.a3 h6 10.b4 axb4 11.axb4 Be6 12.b5 Ne7 13.Nd2 Rb8 14.Qb3 Nd7 15.Ba3 Nc5
16.Bxc5 dxc5 17.b6 c6 18.Nde4 Nf5 19.Nxc5 Bc8 20.e3 h5 21.h3 Re8 22.Ne2 Kh7
23.Rfd1 Qe7 24.Ne4 Nh6  1/2-1/2

[Event "92nd ch-GBR"]
[Site "Douglas IOM"]
[Date "2005.08.02"]
[Round "2"]
[White "De Coverly,R"]
[Black "Mitchell,M"]
[Result "0-1"]
[WhiteElo "2086"]
[BlackElo "2172"]

1.Nf3 Nf6 2.g3 g6 3.Bg2 Bg7 4.c4 O-O 5.Nc3 d6 6.d4 Nbd7 7.O-O e5 8.h3 c6
9.e4 Qb6 10.d5 cxd5 11.cxd5 Nc5 12.Re1 Bd7 13.Rb1 a5 14.Bf1 a4 15.Nd2 Nh5
16.b4 axb3 17.Nxb3 Na4 18.Nxa4 Rxa4 19.Be3 Qd8 20.Nd2 Rxa2 21.Rxb7 f5 22.Qb3 Ra8
23.Bb6 Qc8 24.Rc7 Qe8 25.Nc4 Rf6 26.Na5 fxe4 27.Rxe4 Rf7 28.Nc6 Nf6 29.Rb4 Ra1
30.Qb2 Rxf1+ 31.Kxf1 Nxd5 32.Rxd7 Qxd7 33.Nd8 Nxb4 34.Nxf7 Qxh3+ 35.Kg1 Kxf7
36.Qxb4 Qd7 37.Qc4+ d5 38.Qh4 Kg8 39.Be3 Qd6 40.Qa4 Bf6 41.Bh6 Kf7 42.Qa7+ Be7
43.Qa8 g5  0-1

[Event "Petrovskaya Ladya IM"]
[Site "Peterhof RUS"]
[Date "2005.08.02"]
[Round "2"]
[White "Zhidkov,V"]
[Black "Utkin,Alek"]
[Result "1/2-1/2"]
[WhiteElo "2410"]
[BlackElo "2382"]

1.Nf3 Nf6 2.c4 g6 3.g3 Bg7 4.Bg2 O-O 5.d4 d6 6.O-O Nbd7 7.Qc2 e5 8.Rd1 Qe7
9.Nc3 c6 10.e4 exd4 11.Nxd4 Re8 12.Bf4 Ne5 13.Qe2 a5 14.h3 Nfd7 15.Be3 Nc5
16.f4 Ned7 17.Bf2 f5 18.Re1 Qf7 19.Qf1  1/2-1/2

[Event "TCh-ESP Premier North"]
[Site "Barcelona ESP"]
[Date "2005.08.12"]
[Round "3"]
[White "Cortes Lizano,J"]
[Black "Casares Cabanas,C"]
[Result "1-0"]
[WhiteElo "2120"]
[BlackElo "2116"]

1.c4 Nf6 2.Nf3 g6 3.g3 Bg7 4.Bg2 O-O 5.O-O d6 6.Nc3 c5 7.d4 Nc6 8.d5 Na5
9.Qd3 a6 10.Bg5 Rb8 11.b3 Bd7 12.Rac1 b5 13.Nd2 h6 14.Bf4 g5 15.Be3 Ng4 16.Nd1 f5
17.f4 Nxe3 18.Nxe3 g4 19.Kh1 Qe8 20.Rfe1 Qf7 21.Nd1 bxc4 22.bxc4 Rb4 23.e4 fxe4
24.Bxe4 Qf6 25.Bg6 Rfb8 26.f5 Qd4 27.Qxd4 Bxd4 28.Rxe7 Ba4 29.Ne3 Bf6 30.Re6 Bg5
31.Re1 Rb2 32.Ndf1 Rb1 33.Nxg4 Bd1 34.f6 Bf3+ 35.Kg1 Rxe1 36.Rxe1 Bxg4 37.f7+ Kg7
38.Re8 Be7 39.Rxb8 Kxg6 40.f8=Q Bxf8 41.Rxf8 Nxc4 42.Kf2 Bf5 43.Ne3 Nxe3
44.Kxe3  1-0

[Event "FSIMC August"]
[Site "Budapest HUN"]
[Date "2005.08.12"]
[Round "7"]
[White "Aguettaz,M"]
[Black "Braghetta,S"]
[Result "1-0"]
[WhiteElo "2347"]
[BlackElo "2264"]

1.Nf3 Nf6 2.g3 g6 3.c4 Bg7 4.Bg2 O-O 5.O-O d6 6.d4 c5 7.Nc3 Nc6 8.dxc5 dxc5
9.Qa4 Bd7 10.Rd1 Nd4 11.Qa3 Nc2 12.Qxc5 Nxa1 13.Bg5 Qc8 14.Qxe7 Re8 15.Qd6 Be6
16.Rxa1 Bxc4 17.Rc1 Qe6 18.Qb4 Ba6 19.Nd4 Qd7 20.Rd1 Rad8 21.h3 Qd6 22.Qa4 Qe5
23.Bf4 Qc5 24.Be3 Qc7 25.Bg5 Qb6 26.e4 Rc8 27.Rd2 Rc4 28.Qd1 Qc5 29.Be3 Qc7
30.Kh2 h5 31.f4 Rxc3 32.bxc3 Nxe4 33.Bxe4 Rxe4 34.Qf3 Qe7 35.Bf2 Bc4 36.f5 Bh6
37.Rb2 Bd5 38.Qd3 b6 39.fxg6 fxg6 40.Nf5 Qe6 41.Nxh6+ Kh7 42.Rd2 Bc6 43.Qd8 Kxh6
44.Rd6 Qe8  1-0

[Event "ch-SCG jr"]
[Site "Vrnjacka Banja SCG"]
[Date "2005.08.12"]
[Round "2"]
[White "Bogosavljevic,B"]
[Black "Mijovic,S"]
[Result "1-0"]
[WhiteElo "2302"]
[BlackElo "2135"]

1.Nf3 Nf6 2.c4 g6 3.g3 Bg7 4.Bg2 O-O 5.O-O d6 6.d4 c6 7.Nc3 Qa5 8.h3 Be6
9.d5 cxd5 10.Nd4 Bd7 11.cxd5 Rc8 12.e3 Na6 13.Bd2 Nc5 14.a4 Qb6 15.a5 Qxb2
16.Ra2 Qb4 17.Qc2 Na6 18.Rb1 Qc5 19.Qb3 Rab8 20.Bf1 Qc7 21.Ncb5 Bxb5 22.Nxb5 Qd7
23.Nxa7 Nc5 24.Qd1 Rd8 25.Bc3 Qf5 26.Bg2 Nce4 27.Bd4 Qxd5 28.Rab2 Qe6 29.Nc6  1-0

[Event "Independence Cup A"]
[Site "Kiev UKR"]
[Date "2005.08.14"]
[Round "3"]
[White "Matorin,E"]
[Black "Baryshpolets,A"]
[Result "1/2-1/2"]
[WhiteElo "2298"]
[BlackElo "2196"]

1.Nf3 Nf6 2.c4 g6 3.g3 Bg7 4.Bg2 O-O 5.O-O d6 6.d4 Nbd7 7.Nc3 e5 8.e4 c6
9.h3 Qa5 10.Be3 exd4 11.Nxd4 Nb6 12.Nb3 Qh5 13.Qxh5 Nxh5 14.g4 Nf6 15.c5 Nc4
16.Bf4 dxc5 17.Nxc5 Nd7 18.Nxd7 Bxd7 19.Rab1 Be6 20.Na4 b5 21.Nc5 Bxb2 22.Rfd1 Ba3
23.Nxe6 fxe6 24.Bh6 Rfd8 25.Bg5 Rxd1+ 26.Rxd1 Nb6 27.Bf1 Kf7 28.Be3 Ke8 29.Rd3 Nc4
30.Bd4 Be7 31.Rc3 e5 32.Rxc4 bxc4 33.Bxe5 Bc5 34.Bxc4 Kd7 35.Bg7 Rb8 36.e5 Rb4
37.Bg8 Rf4 38.Kg2 Rxf2+ 39.Kg3 Ke8 40.g5 Rf7 41.Bf6 Rc7 42.Kf4 Bf8 43.Bc4 Bc5
44.Ke4 Rb7 45.Kd3 Rd7+ 46.Kc3 Kf8 47.Bb3 Rd4 48.Be6 Ra4 49.Bc4 Rb4 50.Be6 Rf4
51.Bd7 Bd4+ 52.Kd3 Rxf6 53.exf6 c5 54.Ke4 Bc3 55.Kf3 Bd2 56.h4 Kf7 57.Bb5 Kf8
58.Bd3 Kf7 59.a4 h5 60.Ke2 Bf4 61.Kf3 Bd2 62.Bc4+ Kf8 63.Kf2 a5 64.Bd5 Bf4
65.f7 Kg7 66.Bc4 Bd2 67.Ke2 Bf4 68.Kf3 Bd2  1/2-1/2

[Event "Independence Cup A"]
[Site "Kiev UKR"]
[Date "2005.08.16"]
[Round "5"]
[White "Matorin,E"]
[Black "Kruglyakov,P"]
[Result "1-0"]
[WhiteElo "2298"]
[BlackElo "2242"]

1.Nf3 Nf6 2.c4 g6 3.g3 Bg7 4.Bg2 O-O 5.O-O d6 6.d4 Nc6 7.d5 Na5 8.Nfd2 c5
9.a3 b6 10.Qc2 Bf5 11.e4 Bd7 12.Nc3 e5 13.dxe6 Bxe6 14.Qd3 Ng4 15.b3 f5 16.h3 Ne5
17.Qe3 g5 18.exf5 Bxf5 19.Ra2 Nac6 20.Nde4 g4 21.hxg4 Bxg4 22.Nb5 a6 23.Nbxd6 Nd4
24.f4 Nec6 25.Kh1 Kh8 26.Qd3 Qe7 27.Ng5 Bf6 28.Bxc6 Nxc6 29.Nxh7 Qxh7+ 30.Rh2 Qxh2+
31.Kxh2 Ra7 32.Kg2 Nd4 33.Rh1+ Kg8 34.Rh6 Be2 35.Rg6+ Kh8 36.Qe3 Bf3+ 37.Kf2 Rh7
38.Qxf3 Nxf3 39.Kxf3 Bd4 40.Ne4 Rh1 41.Bd2 Rb8 42.f5 Rb1 43.Bg5 Rxb3+ 44.Kg4 Re8
45.Nd6 Rf8 46.f6 Be5 47.Nf5 Rd3 48.Ne7 Rxg3+ 49.Kf5 Bxf6 50.Bxf6+ Rxf6+ 51.Kxf6 Rf3+
52.Nf5 Rxa3 53.Rh6+ Kg8 54.Ne7+  1-0

[Event "ch-SCG jr"]
[Site "Vrnjacka Banja SCG"]
[Date "2005.08.17"]
[Round "7"]
[White "Bogosavljevic,B"]
[Black "Pletl,A"]
[Result "1-0"]
[WhiteElo "2302"]
[BlackElo "2196"]

1.Nf3 Nf6 2.c4 g6 3.g3 Bg7 4.Bg2 O-O 5.O-O d6 6.d4 Nc6 7.Nc3 e5 8.dxe5 Nxe5
9.Nxe5 dxe5 10.Qb3 c6 11.Be3 Qc7 12.Rfd1 Be6 13.Qa4 Nd7 14.Qb4 Rfd8 15.Ne4 Nb6
16.b3 Bg4 17.Kf1 Rd7 18.h3 Bf5 19.Rxd7 Nxd7 20.Nd6 b6 21.Nxf5 gxf5 22.Rd1 Bf8
23.Qd2 Nc5 24.Bxc5 Bxc5 25.Qg5+ Kf8 26.Qh6+ Kg8 27.Bxc6  1-0

[Event "41st Rubinstein Mem Open A"]
[Site "Polanica Zdroj POL"]
[Date "2005.08.20"]
[Round "2"]
[White "Grycel,K"]
[Black "Bindrich,F"]
[Result "1-0"]
[WhiteElo "2282"]
[BlackElo "2391"]

1.Nf3 Nf6 2.g3 g6 3.Bg2 Bg7 4.c4 O-O 5.d4 d6 6.O-O Nc6 7.Nc3 a6 8.h3 Bd7
9.e4 e5 10.dxe5 dxe5 11.Be3 Re8 12.c5 Be6 13.Qa4 Nd7 14.Rfd1 h6 15.Rac1 Qc8
16.Kh2 Nf8 17.a3 Bd7 18.Qc2 Ne6 19.Nd5 Ncd4 20.Nxd4 exd4 21.Bd2 Bb5 22.a4 Be2
23.Re1 d3 24.Qc4 Ng5 25.f4 Nh7 26.e5 Qd8 27.Nc3 c6 28.Nxe2 dxe2 29.Rxe2 Nf8
30.Bc3 Ne6 31.Rd2 Qc7 32.Rcd1 Rad8 33.b4 Bf8 34.a5 Rxd2 35.Rxd2 Rd8 36.Rd3 Bg7
37.Be4 Rxd3 38.Qxd3 Bf8 39.Bf3 Ng7 40.Bg4 h5 41.Qd7 Qb8 42.Qc8  1-0

[Event "Nordic Championships"]
[Site "Vammala FIN"]
[Date "2005.08.25"]
[Round "2"]
[White "Olsen,H"]
[Black "Tjomsland,S"]
[Result "1-0"]
[WhiteElo "2325"]
[BlackElo "2257"]

1.Nf3 Nf6 2.c4 g6 3.g3 Bg7 4.Bg2 O-O 5.O-O d6 6.Nc3 c6 7.Rb1 Bf5 8.d3 Qc8
9.Re1 Bh3 10.Bh1 h6 11.b4 Nh5 12.Qb3 Kh7 13.b5 Nd7 14.Ne4 Kh8 15.bxc6 bxc6
16.Bb2 f5 17.Bxg7+ Nxg7 18.Ned2 Nc5 19.Qa3 Nce6 20.Qc3 Kh7 21.e4 f4 22.d4 fxg3
23.hxg3 Qd7 24.d5 cxd5 25.cxd5 Nc5 26.Ne5 Qe8 27.Nc6 Rc8 28.Qe3 a6 29.Nc4 Qf7
30.Rb2 Rxc6 31.dxc6 Qxc4 32.Rd1 Rc8 33.Kh2 Bg4 34.f3 Be6 35.Rd4 Qf1 36.Bg2 Qa1
37.Qe2 Nxe4 38.Rxe4 Rxc6 39.Reb4 Rc5 40.g4 a5 41.Re4 Bc4 42.Qd2 Rb5 43.Rxb5 Bxb5
44.Qxa5 d5 45.Rxe7 Qf6 46.Rxg7+ Kxg7 47.Qxb5 Qe5+ 48.Kh3 h5 49.Qd3 Kh6 50.Qd2+ g5
51.gxh5 d4 52.Qd3 Qe6+ 53.Kh2 Qe5+ 54.Kg1 Qe1+ 55.Qf1 Qe3+ 56.Qf2 Qc1+ 57.Bf1 d3
58.Qd4  1-0

[Event "13th Open"]
[Site "Nikaia GRE"]
[Date "2005.08.26"]
[Round "5"]
[White "Khetsuriani,B"]
[Black "Sismanis,A"]
[Result "1/2-1/2"]
[WhiteElo "2382"]
[BlackElo "2155"]

1.Nf3 Nf6 2.c4 g6 3.g3 Bg7 4.Bg2 O-O 5.O-O d5 6.cxd5 Nxd5 7.Nc3 Nb6 8.d3 Nc6
9.Be3 e5 10.Rc1 h6 11.Nd2 Nd4 12.Nde4 Qe7 13.Re1 f5 14.Nd2 c6 15.Na4 Be6
16.Nc5 Bd5 17.Ndb3 Bxg2 18.Kxg2 Nd5 19.Bxd4 exd4 20.Na5 f4 21.Ne4 h5 22.Rg1 Rf7
23.Kh1 Raf8 24.Nc4 f3 25.exf3 Rxf3 26.a3 Rxf2 27.Nxf2 Rxf2 28.Rc2 Ne3 29.Nxe3 dxe3
30.Rxf2 exf2 31.Rf1 Qc5 32.Qb3+ Kh8 33.Qf7 Bxb2 34.Rxf2 Bg7 35.Kg2 Kh7 36.h4 Qxa3
37.Qxb7 Qxd3 38.Qxc6 a5 39.Ra2 Be5 40.Qb7+ Kh6 41.Qf3 Qxf3+ 42.Kxf3 Bc3 43.Rc2 Be1
44.Rc7 Bb4 45.Ra7 Bc3  1/2-1/2

[Event "13th Open"]
[Site "Nikaia GRE"]
[Date "2005.08.28"]
[Round "7"]
[White "Himaras,S"]
[Black "Tsiropoulas,A"]
[Result "1-0"]
[WhiteElo "2155"]
[BlackElo "1937"]

1.Nf3 Nf6 2.c4 g6 3.g3 Bg7 4.Bg2 O-O 5.O-O d6 6.Nc3 Nc6 7.Rb1 e5 8.d3 Nh5
9.b4 a6 10.a4 h6 11.b5 axb5 12.axb5 Ne7 13.Ne1 Rb8 14.Nc2 Be6 15.Nb4 Qd7
16.Ra1 Bh3 17.e4 Bxg2 18.Kxg2 f5 19.exf5 Nxf5 20.Ra7 Nf4+ 21.Kh1 Nh3 22.Qg4 Ng5
23.Bxg5 hxg5 24.Qxg5 Nd4 25.Kg2 Rf5 26.Qxg6 Rf6 27.Qe4 Nf3 28.Nbd5 Rf7 29.Nd1 Nd2
30.Qg6 Nxf1 31.Kxf1 Qh3+ 32.Kg1 Qh6 33.Qxh6 Bxh6 34.Kg2 Kg7 35.N1c3 c6 36.Ne3 Rbf8
37.Ng4 Bd2 38.Ne4 Bb4 39.Ra4 Bc5 40.bxc6 bxc6 41.Nxc5 dxc5 42.Ra5 Rf3 43.Rxc5 Rxd3
44.Nxe5 Rd2 45.Ng4 Rc8 46.h4 Kf8 47.h5 Ke7 48.h6 Kd6 49.Rh5 c5 50.h7 Rh8
51.Ne5 Rxh7 52.Rxh7 Kxe5 53.Rh4 Ra2 54.Rf4 Rb2 55.Kh3 Rb7 56.f3 Rb3 57.Re4+ Kf6
58.Kg4 Rb7 59.Kf4 Rb4 60.g4 Ra4 61.g5+ Kg6 62.Kg4 Ra7 63.Re6+ Kf7 64.Re5  1-0

[Event "Premiership International"]
[Site "Coulsdon ENG"]
[Date "2005.09.01"]
[Round "6"]
[White "Osborne,M"]
[Black "Snape,I"]
[Result "1/2-1/2"]
[WhiteElo "2202"]
[BlackElo "2267"]

1.Nf3 Nf6 2.g3 g6 3.Bg2 Bg7 4.c4 O-O 5.O-O d6 6.d4 c6 7.Nc3 Qa5 8.h3 Be6
9.Qd3 Qa6 10.b3 d5 11.Ne5 Rd8 12.Bb2 dxc4 13.Nxc4 Nbd7 14.Rfd1 Nc5 15.Qe3 Nd5
16.Nxd5 cxd5 17.dxc5 dxc4 18.Bxg7 Kxg7 19.Qe5+ Kg8 20.Qc7 Rxd1+ 21.Rxd1 cxb3
22.Bxb7 Qxe2 23.Rd8+ Rxd8 24.Qxd8+ Kg7 25.Qd4+ f6 26.axb3 Bxb3 27.Bg2 Qd1+
28.Qxd1 Bxd1 29.c6 Ba4 30.c7 Bd7 31.Bb7 Bxh3 32.f3 Bd7  1/2-1/2

[Event "Nordic Championships"]
[Site "Vammala FIN"]
[Date "2005.09.04"]
[Round "11"]
[White "Agrest,E"]
[Black "Tjomsland,S"]
[Result "1-0"]
[WhiteElo "2592"]
[BlackElo "2257"]

1.Nf3 Nf6 2.c4 g6 3.g3 Bg7 4.Bg2 O-O 5.O-O d6 6.Nc3 e5 7.d3 Nc6 8.Rb1 a5
9.h3 h6 10.e4 Ne8 11.Nd5 Bd7 12.b3 Nd4 13.Nxd4 exd4 14.Nf4 c6 15.Ba3 c5 16.Qd2 Nc7
17.Rbe1 Na6 18.Nd5 Nb4 19.f4 Nxd5 20.cxd5 Re8 21.e5 dxe5 22.Bxc5 Rc8 23.Ba3 Rc3
24.fxe5 Rxe5 25.Rxe5 Bxe5 26.Qxh6 Rxd3 27.g4 Rg3 28.Re1 Bg7 29.Qf4 Qh4 30.Re7 Bf5
31.Bd6 Rxg2+ 32.Kxg2  1-0

[Event "EYb18"]
[Site "Herceg Novi SCG"]
[Date "2005.09.15"]
[Round "2"]
[White "Bogosavljevic,B"]
[Black "Broekmeulen,Ja"]
[Result "1/2-1/2"]
[WhiteElo "2302"]
[BlackElo "2196"]

1.Nf3 Nf6 2.c4 g6 3.g3 Bg7 4.Bg2 O-O 5.O-O c6 6.d4 d6 7.Nc3 a6 8.a4 a5 9.b3 Na6
10.h3 Qc7 11.e4 e5 12.Be3 Bd7 13.Rc1 Rad8 14.dxe5 dxe5 15.Qe2 Bc8 16.Rfd1 Rxd1+
17.Rxd1 Nd7 18.Qc2 Ndc5 19.Ne1 Rd8 20.Qb1 Ne6 21.Ne2 Nac5 22.Nd3 Bf8 23.Nxc5 Bxc5
24.Bxc5 Nxc5 25.Qc2 Rxd1+ 26.Qxd1 Qd7 27.Qxd7 Bxd7 28.Nc1 Kf8 29.Kf1 f5 30.Ke2 f4
31.Kd2 g5 32.Kc3 Ke7 33.gxf4 gxf4 34.Nd3 Nxd3 35.Kxd3 Kd6 36.Kc3 Kc5 37.Bf1 b6
38.Bg2 Be8 39.h4 Bh5 40.Bh3 Bg6 41.Bg2 Bh5 42.Bh3 Bd1 43.Bf5 h6 44.Bg6 Kd6
45.Be8 c5 46.Bg6 Ke7 47.Bh7 Kf6 48.Bf5 Kg7 49.Bd7 Kg6 50.Be8+ Kf6 51.Bd7 Ke7
52.Bf5 Kf7 53.Bd7 Bf3 54.Kd3 Kf6 55.Bf5 Bh5 56.Bd7 Bd1 57.Kc3 Kg6 58.Be8+ Kg7
59.Bd7 Kf6 60.Bf5 Bh5 61.Kd3 Bd1  1/2-1/2

[Event "Geller mem Open A"]
[Site "Odessa UKR"]
[Date "2005.09.16"]
[Round "2"]
[White "Matjushin,G"]
[Black "Vasilyev,M"]
[Result "1-0"]
[WhiteElo "2443"]
[BlackElo "2342"]

1.c4 Nf6 2.Nf3 g6 3.g3 Bg7 4.Bg2 O-O 5.O-O d6 6.Nc3 Nc6 7.d3 e5 8.Rb1 h6
9.b4 a6 10.a4 Be6 11.b5 axb5 12.axb5 Ne7 13.Bb2 Qd7 14.Ra1 Bh3 15.Rxa8 Rxa8
16.Qc2 Bxg2 17.Kxg2 Nh7 18.Ra1 Rxa1 19.Bxa1 b6 20.Qa2 Nf8 21.Ne1 Ne6 22.Nc2 Ng5
23.Qa8+ Kh7 24.Nb4 h5 25.h4 Ne6 26.Nc6 Nf5 27.Nd5 Nfd4 28.Bxd4 exd4 29.Nce7 Nf8
30.Qc8 Qxc8 31.Nxc8 Ne6 32.Nce7 f6 33.Nc6 g5 34.Nb8 gxh4 35.gxh4 Kg6 36.Na6 Bf8
37.Naxc7 Nxc7 38.Nxc7 Be7 39.Nd5 Bd8 40.Nf4+ Kf5 41.Kf3 Ke5 42.Nxh5 d5 43.Nf4 dxc4
44.dxc4 f5 45.h5 Kf6 46.h6 Kf7 47.h7 Bf6 48.Nd5 Be5 49.Nxb6 Kg7 50.h8=B+ Kxh8
51.Nd7  1-0

[Event "ProMoPro Open"]
[Site "Prague CZE"]
[Date "2005.09.16"]
[Round "2"]
[White "Groh,J"]
[Black "Stehno,P"]
[Result "1-0"]
[WhiteElo "2137"]
[BlackElo "2373"]

1.c4 Nf6 2.Nf3 g6 3.g3 Bg7 4.Bg2 O-O 5.O-O d6 6.Nc3 e5 7.d3 h6 8.b4 Be6 9.Rb1 Nbd7
10.Bd2 c6 11.b5 Qc7 12.Qc1 Kh7 13.Qa3 c5 14.Nd5 Bxd5 15.cxd5 e4 16.dxe4 Nxe4
17.Ba5 b6 18.Nd2 Nxf2 19.Rxf2 bxa5 20.Rf4 Rae8 21.e4 c4 22.Bf1 c3 23.Nc4 g5
24.Rf5 Rxe4 25.Nxd6 Bd4+ 26.Kh1 Re3 27.Qa4 Bg7 28.Nxf7 c2 29.Rc1 Kg8 30.Rxc2 Nc5
31.Qc4 Qd7 32.Rcf2 Ne4 33.Nxh6+ Kh7 34.Rxf8 Qd6 35.R2f3 Re1 36.R8f7 Qxh6
37.Qc7 g4 38.R3f5 Re3 39.Rxg7+ Qxg7 40.Rf7 Qxf7 41.Qxf7+  1-0

[Event "It"]
[Site "Klaksvik FAI"]
[Date "2005.09.19"]
[Round "5"]
[White "Olsen,H"]
[Black "Eriksson,Joh"]
[Result "1/2-1/2"]
[WhiteElo "2325"]
[BlackElo "2423"]

1.Nf3 Nf6 2.c4 g6 3.g3 Bg7 4.Bg2 O-O 5.O-O d6 6.Nc3 e5 7.d3 Nc6 8.Rb1 a5
9.a3 h6 10.b4 axb4 11.axb4 Be6 12.b5 Ne7 13.Bb2 Qd7 14.Re1 Bh3 15.Bh1 Ng4
16.Qb3 Kh8 17.Nd5 f5 18.Nh4 Kh7 19.Nxe7 Qxe7 20.Bxb7 Rab8 21.Bg2 Bxg2 22.Nxg2 h5
23.f3 Nh6 24.e4 f4 25.gxf4 h4 26.Kh1 h3 27.Ne3 Qh4 28.Rf1 Rxf4 29.Nd5 Rf7
30.Qc2 Rbf8 31.f4 Ng4 32.Rf3 exf4 33.d4 Kg8 34.c5 Ne3 35.Qf2 Qh5 36.Nxf4 Rxf4
37.Rxf4 Rxf4 38.Qxf4 Qe2 39.Qg3 Nf1 40.Qxh3 Qxe4+ 41.Kg1 Qxb1 42.Qe6+ Kh7
43.Qh3+ Bh6 44.Qd7+ Kg8 45.Qe6+ Kg7 46.Qd7+ Kh8 47.Qe8+ Kh7 48.Qd7+ Kg8 49.Qe6+ Kh7  1/2-1/2

[Event "Karpov Simul"]
[Site "Buenos Aires ARG"]
[Date "2005.09.20"]
[Round "1"]
[White "Karpov,Ana"]
[Black "Needleman,G"]
[Result "0-1"]
[WhiteElo "2672"]
[BlackElo "2242"]

1.Nf3 Nf6 2.c4 g6 3.g3 Bg7 4.Bg2 O-O 5.O-O d6 6.d4 c6 7.Nc3 Qa5 8.e4 e5 9.h3 Nbd7
10.Re1 exd4 11.Nxd4 Ne5 12.Bf1 Be6 13.Nxe6 fxe6 14.Kg2 Rad8 15.Qa4 Qb6 16.f4 Nf7
17.Qb3 Qc7 18.Be3 b6 19.Rad1 Kh8 20.Be2 e5 21.f5 gxf5 22.exf5 Rg8 23.Bf3 Bh6
24.Ne4 Qe7 25.Bf2 Rg7 26.Kh2 Rdg8 27.Nxf6 Qxf6 28.Bxc6 Qxf5 29.Qf3 Qc8 30.Bd5 Ng5
31.Qh5 Rf8 32.Be3 Rg6 33.Rf1 Rf5 34.Rxf5 Qxf5 35.Kg2 Rf6 36.Qg4 Qxg4 37.hxg4 Kg7
38.Bf2 Ne6 39.b4 Nd4 40.Bxd4 exd4 41.Rxd4 a5 42.bxa5 bxa5 43.Re4 Kf8 44.Bc6 Bd2
45.Re8+ Kf7 46.Re2 Bc1 47.Be4 h6 48.Bf5 Kg7 49.Kf3 Ba3 50.Ke4 Bc5 51.Kd5 a4
52.Ke4 a3 53.Kf4 Bd4 54.g5 Be5+ 55.Kg4 h5+ 56.Kxh5 Rxf5 57.Kg4 Kg6 58.Re3 Rxg5+
59.Kh3 Bb2 60.Re6+ Kf7 61.Rxd6 Rc5 62.Kg4 Rxc4+ 63.Kf5 Ke7 64.Re6+ Kf7 65.Ra6 Rc2
66.Ra7+ Kf8 67.g4 Bc1 68.g5 Rxa2 69.g6 Rf2+ 70.Ke5 Bb2+ 71.Kd5 Rg2 72.Kc4 Rxg6
73.Kb3 Re6 74.Ka2 Re7 75.Ra6 Rb7 76.Ra4 Ke7 77.Ra6 Kd7 78.Rh6 Kc7 79.Rg6 Rb6
80.Rg5 Kc6 81.Rg6+ Kb5 82.Rg5+ Ka4 83.Rg4+ Rb4 84.Rg8 Rc4 85.Ra8+ Kb4 86.Rb8+ Kc3
87.Ra8 Kc2 88.Rc8 Kd3 89.Rd8+ Kc3 90.Rg8 Rc5 91.Ra8 Kb4 92.Rb8+ Rb5 93.Rg8 Bd4
94.Rg3 Kc4 95.Rxa3 Rb2+ 96.Ka1 Kd5  0-1

[Event "Karpov Simul"]
[Site "Buenos Aires ARG"]
[Date "2005.09.20"]
[Round "1"]
[White "Karpov,Ana"]
[Black "Needleman,G"]
[Result "0-1"]
[WhiteElo "2672"]
[BlackElo "2242"]

1.Nf3 Nf6 2.c4 g6 3.g3 Bg7 4.Bg2 O-O 5.O-O d6 6.d4 c6 7.Nc3 Qa5 8.e4 e5 9.h3 Nbd7
10.Re1 exd4 11.Nxd4 Ne5 12.Bf1 Be6 13.Nxe6 fxe6 14.Kg2 Rad8 15.Qa4 Qb6 16.f4 Nf7
17.Qb3 Qc7 18.Be3 b6 19.Rad1 Kh8 20.Be2 e5 21.f5 gxf5 22.exf5 Rg8 23.Bf3 Bh6
24.Ne4 Qe7 25.Bf2 Rg7 26.Kh2 Rdg8 27.Nxf6 Qxf6 28.Bxc6 Qxf5 29.Qf3 Qc8 30.Bd5 Ng5
31.Qh5 Rf8 32.Be3 Rg6 33.Rf1 Rf5 34.Rxf5 Qxf5 35.Kg2 Rf6 36.Qg4 Qxg4 37.hxg4 Ne6
38.Bf2 Kg7 39.b4 Nd4 40.Bxd4 exd4 41.Rxd4 a5 42.bxa5 bxa5 43.Re4 Kf8 44.Bc6 Bd2
45.Re8+ Kf7 46.Re2 Bc1 47.Be4 h6 48.Bf5 Kg7 49.Kf3 Ba3 50.Ke4 Bc5 51.Kd5 a4
52.Ke4 a3 53.Kf4 Bd4 54.g5 Be5+ 55.Kg4 h5+ 56.Kxh5 Rxf5 57.Kg4 Kg6 58.Re3 Rxg5+
59.Kh3 Bb2 60.Re6+ Kf7 61.Rxd6 Rc5 62.Kg4 Rxc4+ 63.Kf5 Ke7 64.Re6+ Kf7 65.Ra6 Rc2
66.Ra7+ Kf8 67.g4 Bc1 68.g5 Rxa2 69.g6 Rf2+ 70.Ke5 Bb2+ 71.Kd5 Rg2 72.Kc4 Rxg6
73.Kb3 Re6 74.Ka2 Re7 75.Ra6 Rb7 76.Ra4 Ke7 77.Ra6 Kd7 78.Rh6 Kc7 79.Rg6 Rb6
80.Rg5 Kc6 81.Rg6+ Kb5 82.Rg5+ Ka4 83.Rg4+ Rb4 84.Rg8 Rc4 85.Ra8+ Kb4 86.Rb8+ Kc3
87.Ra8 Kc2 88.Rc8 Kd3 89.Rd8+ Kc3 90.Ra8 Rc6 91.Ra7 Rc5  0-1

[Event "Geller mem Open A"]
[Site "Odessa UKR"]
[Date "2005.09.21"]
[Round "7"]
[White "Kovaleva,M"]
[Black "Daryev,S"]
[Result "1-0"]
[WhiteElo "2045"]
[BlackElo "2087"]

1.c4 Nf6 2.Nf3 g6 3.g3 Bg7 4.Bg2 O-O 5.O-O d6 6.Nc3 Nc6 7.d3 a6 8.Rb1 Rb8
9.b4 Ng4 10.Bd2 Nge5 11.a4 Nxf3+ 12.Bxf3 Bh3 13.Bg2 Bxg2 14.Kxg2 e6 15.b5 axb5
16.axb5 Ne7 17.Qb3 h5 18.Bg5 Qd7 19.Ne4 f6 20.Bd2 b6 21.Bc3 d5 22.cxd5 Nxd5
23.Bb2 h4 24.Rbc1 Qf7 25.Rc6 e5 26.Qc4 hxg3 27.hxg3 Rb7 28.Rc1 Rd8 29.d4 exd4
30.Bxd4 Ne7 31.Nxf6+ Bxf6 32.Qxf7+ Kxf7 33.Rxf6+ Ke8 34.Be5 Rd5 35.Rxc7 Rxc7
36.Bxc7 Rxb5 37.Rxb6 Rd5 38.Rb8+ Kd7 39.Bf4 g5 40.Rb7+ Ke6 41.Bc1 Ra5 42.Rb6+ Kf7
43.Bb2 Ra2 44.e4 g4 45.Rf6+ Ke8 46.Bc3 Ra4 47.Rf4 Rc4 48.Bb2 Rc2 49.Ba3 Ng6
50.Rxg4 Ne5 51.Rf4 Kd7 52.Rf8 Re2 53.Rf4 Ke6 54.Kf1 Rc2 55.Kg2 Nd3 56.Rf5 Re2
57.Kf1 Rxe4 58.Rf3 Re1+ 59.Kg2 Rd1 60.Re3+ Kd5 61.Re2 Ne1+ 62.Kh3 Nf3 63.Re3 Ng5+
64.Kg4 Ne4 65.Kf3 Ng5+ 66.Kg2 Ne4 67.Rf3 Ra1 68.Bf8 Ra6 69.Rf5+ Ke6 70.Rf4 Kd5
71.Bg7 Rg6 72.Rf5+ Kd6 73.Bd4 Rg8 74.Be3 Ke6 75.Ra5 Nd6 76.Bf4 Nf5 77.Ra6+ Kd5
78.Rf6 Nh4+ 79.Kf1 Ng6 80.Ke2 Ne7 81.Kf3 Kd4 82.Ra6 Nd5 83.Ra4+ Kd3 84.g4 Rf8
85.Ra3+ Kc4 86.Ra4+ Kd3 87.g5 Nc3 88.Ra3 Kd4 89.Kg4 Ke4 90.Rxc3 Rxf4+ 91.Kg3 Rf5
92.Rc4+ Kd5 93.Rg4 Rf7 94.Rf4 Rg7 95.Kg4 Ke5 96.Rf5+ Ke6 97.Rf6+ Ke7 98.f4 Rg8
99.f5 Ra8 100.Rb6 Kf7 101.Rb7+ Kg8 102.g6 Kh8 103.Kg5 Rc8 104.f6 Kg8 105.Rh7 Ra8
106.f7+ Kf8 107.Rh8+ Kg7 108.f8=Q+ Rxf8 109.Rxf8 Kxf8 110.Kf6  1-0

[Event "EYb18"]
[Site "Herceg Novi SCG"]
[Date "2005.09.22"]
[Round "8"]
[White "Bogosavljevic,B"]
[Black "Vandenbussche,T"]
[Result "1/2-1/2"]
[WhiteElo "2302"]
[BlackElo "2191"]

1.Nf3 Nf6 2.c4 g6 3.g3 Bg7 4.Bg2 O-O 5.O-O d6 6.d4 Nc6 7.Nc3 Bf5 8.e3 Ne4
9.Ne2 Bd7 10.d5 Na5 11.Qc2 Nf6 12.Nfd4 c5 13.dxc6 Nxc6 14.Bd2 Rc8 15.Nxc6  1/2-1/2

[Event "Geller mem Open A"]
[Site "Odessa UKR"]
[Date "2005.09.23"]
[Round "9"]
[White "Nester,I"]
[Black "Podgaets,M"]
[Result "1/2-1/2"]
[WhiteElo "2336"]
[BlackElo "2487"]

1.Nf3 Nf6 2.c4 g6 3.g3 Bg7 4.Bg2 O-O 5.O-O c6 6.d4 d5 7.cxd5 cxd5 8.Nc3 e6
9.b3 Nc6 10.e3 Bd7 11.Ba3 Re8 12.Qd2 Qa5 13.Bb2 Rec8 14.Rfd1 Be8 15.Ne1 Qd8  1/2-1/2